|
|
|
|
| LEADER |
00578nam a22001577a 4500 |
| 020 |
|
|
|a 9788179503003
|
| 082 |
|
|
|a 780.71
|b SAN
|
| 245 |
|
|
|a Sangeeta bala padam (part 1)
|
| 260 |
|
|
|a Mumbai:
|b Giri,
|c 2014.
|
| 300 |
|
|
|a 80p.
|
| 650 |
|
|
|a Study Music
|
| 650 |
|
|
|a Music
|
| 942 |
|
|
|c BK
|
| 999 |
|
|
|c 55922
|d 55922
|
| 952 |
|
|
|0 0
|1 0
|4 0
|6 780_710000000000000_SAN
|7 0
|9 79332
|a SSUS
|b SSUS
|c STACKS
|d 2015-08-22
|g 60.00
|o 780.71 SAN
|p 077862
|r 2015-08-22
|w 2015-08-22
|y BK
|
| 952 |
|
|
|0 0
|1 0
|4 0
|6 780_710000000000000_SAN
|7 0
|9 79333
|a SSUS
|b SSUS
|c STACKS
|d 2015-08-22
|g 60.00
|o 780.71 SAN
|p 077863
|r 2015-08-22
|w 2015-08-22
|y BK
|